000 00685nam a2200181Ia 4500
008 090630s9999 xx 000 0 und d
082 _b1743
100 _aडॉ. मिराशी वा. वि.
245 _aसंशोधन मुक्तावली.
_cडॉ. मिराशी वा. वि.
260 _bमध्यप्रांत संशोधन.
_c1954
300 _a216
600 _aडॉ. मिराशी वा. वि.
630 _aसंशोधन मुक्तावली.
655 _aइतर.
700 _aडॉ. मिराशी वा. वि.
730 _aसंशोधन मुक्तावली.
942 _cBOOK
999 _c253599
_d253599